| 000 | 00616nam a2200169Ia 4500 | ||
|---|---|---|---|
| 008 | 090201s9999 xx 000 0 und d | ||
| 010 | _aKPL-27369 | ||
| 040 | _bमराठी | ||
| 041 | _aमराठी | ||
| 082 |
_a25725 _b27369 |
||
| 100 | _aमंदाकिनी अष्टीकर | ||
| 245 |
_aढगामधल्या पुसल्या रेषा _cमंदाकिनी अष्टीकर |
||
| 260 |
_c2004 _bरोहिणी र.संभूस |
||
| 300 |
_a326 _bमोठा |
||
| 600 | _aढगामधल्या पुसल्या रेषा | ||
| 942 | _cBOOK | ||
| 999 |
_c224905 _d224905 |
||